000 00358nam a2200133Ia 4500
008 151001s9999||||xx |||||||||||||| ||und||
100 _aरा. रा. भागवत
245 _aपार्स व पारसी धर्म
250 _a1
260 _bआर्यभूषण प्रेस
260 _c1891
300 _a31
365 _b8.5
999 _c948833
_d948830